[Event "10th Open"]
[Site "Bosnjaci CRO"]
[Date "2004.01.06"]
[Round "7"]
[White "Goric,E"]
[Black "Pap,M"]
[Result "1-0"]
[WhiteElo "2385"]
[BlackElo "2411"]

1.c4 e5 2.g3 Nf6 3.Bg2 d5 4.Qc2 Nc6 5.cxd5 Nxd5 6.Nc3 Nb6 7.Nf3 Be7 8.O-O O-O
9.d3 f5 10.Be3 Be6 11.Rac1 Bf6 12.a3 Nd4 13.Bxd4 exd4 14.Na4 Nxa4 15.Qxa4 c6
16.b4 Qb6 17.Rc5 Rfe8 18.Rfc1 Bd5 19.Ne1 Bxg2 20.Nxg2 g6 21.Kf1 a6 22.h4 Qc7
23.Qc2 Bg7 24.a4 Rad8 25.h5 Bh6 26.Rb1 f4 27.gxf4 Bxf4 28.b5 Rf8 29.Qc4+ Kh8
30.Qe6 Rde8 31.Qg4 Be3 32.Nxe3 dxe3 33.f3 Qd6 34.hxg6 hxg6 35.Rg5 Kg7 36.Kg2 cxb5
37.axb5 a5 38.Rc1 Re7 39.Rc4 Rh8 40.Qd4+ Qxd4 41.Rxd4 Re6 42.Rgg4 b6 43.Rd7+ Kf6
44.Rf4+ Kg5 45.Rg4+ Kf6 46.d4 Rh5 47.d5 Ree5 48.Rd6+ Kf7 49.Rxb6 Rxd5 50.Rb7+ Kf6
51.Rb6+ Kf7 52.Rgxg6 Rxb5 53.Rbf6+ Ke7 54.f4 a4 55.Ra6 Ra5 56.Rg7+ Kf8 57.Rga7 Rad5
58.Rxa4 Rd2 59.Ra2 Rh4 60.Kf3 Rh3+ 61.Ke4 Rh2 62.Ra8+ Ke7 63.R8a7+ Kd6 64.R2a6+ Kc5
65.Ra5+ Kb6 66.Kxe3 Rdxe2+ 67.Kf3 Ref2+ 68.Ke3 Re2+ 69.Kd4 Rd2+ 70.Ke5 Rde2+
71.Kf6 Ref2 72.R7a6+ Kb7 73.Ra7+ Kb6 74.R7a6+ Kb7 75.Ke5 Re2+ 76.Kf5 Ref2
77.Rg6 Rh8 78.Ra4 Rc2 79.Re4 Kc7 80.Re7+ Kd8 81.Ra7 Rf8+ 82.Rf6 Rc5+ 83.Kg6 Rxf6+
84.Kxf6 Rc6+ 85.Kf7 Rc5 86.Ra4 Rc7+ 87.Kf8 Kd7 88.Re4 Rc5 89.Kf7 Rd5 90.Re5 Rd1
91.f5 Kd6 92.Ra5 Rb1 93.f6 Rf1 94.Ra2 Ke5 95.Ke7 Rb1 96.Ra7 Re1 97.Ra5+ Kf4+
98.Kf8 Rb1 99.f7  1-0

[Event "Brazilian Open"]
[Site "Minoxel BRA"]
[Date "2004.01.11"]
[Round "6"]
[White "Resende,J"]
[Black "Dos Santos,F"]
[Result "1-0"]
[WhiteElo "2248"]
[BlackElo "2167"]

1.c4 e5 2.g3 f5 3.Bg2 Nf6 4.d4 exd4 5.Qxd4 Nc6 6.Qe3+ Be7 7.Nh3 O-O 8.O-O d6
9.Nc3 Qe8 10.Nf4 Bd8 11.Qd2 Ne4 12.Nxe4 fxe4 13.Qd5+ Kh8 14.Qxe4 Qxe4 15.Bxe4 Re8
16.f3 g5 17.Nd5 Ne5 18.b3 c6 19.Nc3 Bb6+ 20.Kg2 Bd4 21.Bb2 Nf7 22.Rad1 Bg7
23.Rd2 Be6 24.Bb1 Rad8 25.Rfd1 Bc8 26.Ne4 Bxb2 27.Rxb2 Kg7 28.Rbd2 Re6 29.g4 Kg8
30.Ng3 Rf6 31.Bf5 Bxf5 32.Nxf5 h5 33.h3 Rd7 34.c5 d5 35.e4 hxg4 36.hxg4 Re6
37.Kf2 Re5 38.exd5 cxd5 39.Rxd5 Rdxd5 40.Rxd5 Rxd5 41.Ne7+ Kf8 42.Nxd5 Ke8
43.Ke3 Kd7 44.Ke4 Kc6 45.b4 a5 46.a3 axb4 47.axb4 Kb5 48.Kd4 Nd8 49.Kc3 Ne6
50.Nf6 Nf4 51.Ne4 Nd5+ 52.Kd4 Nxb4 53.Nxg5 Nc2+ 54.Kd5 Ne3+ 55.Ke4 Ng2 56.Ne6 Kc6
57.g5 Nh4 58.f4 Kd7 59.f5 Ke7 60.Nf4 Kf7 61.f6 Kf8 62.g6 Ke8 63.Ke5 Nf3+
64.Kd6 Ng5 65.f7+  1-0

[Event "Excelsior Cup"]
[Site "Goteborg SWE"]
[Date "2004.01.15"]
[Round "8"]
[White "Rogozenko,D"]
[Black "Marin,M"]
[Result "1/2-1/2"]
[WhiteElo "2517"]
[BlackElo "2531"]

1.c4 e5 2.g3 d6 3.Bg2 g6 4.d4 Nd7 5.b3 Bg7 6.Bb2 Ngf6 7.Nf3 O-O 8.dxe5 Ng4
9.O-O dxe5 10.Qc2 Re8 11.h3 Nh6 12.e3 f5 13.c5 c6 14.b4 Qe7 15.Nfd2 e4 16.Nc4 Bxb2
17.Qxb2 Nf7 18.Rd1 Nde5 19.Nba3 Nxc4 20.Nxc4 Be6 21.Bf1 Bd5 22.Rd4  1/2-1/2

[Event "Western Class Championships"]
[Site "Agoura Hills USA"]
[Date "2004.01.18"]
[Round "5"]
[White "Hanken,J"]
[Black "Harmon,C"]
[Result "1/2-1/2"]
[WhiteElo "2078"]
[BlackElo "2207"]

1.c4 e5 2.g3 Nf6 3.Bg2 d5 4.cxd5 Nxd5 5.Nc3 Nb6 6.Nf3 Nc6 7.O-O Be7 8.d3 O-O
9.a4 a5 10.Be3 Re8 11.Rc1 Bf8 12.Nb5 f6  1/2-1/2

[Event "Itau Cup 450th Ann"]
[Site "Sao Paulo BRA"]
[Date "2004.01.20"]
[Round "5"]
[White "Nogueira,I"]
[Black "Nagashima,C"]
[Result "1-0"]
[WhiteElo "2251"]
[BlackElo "2047"]

1.c4 e5 2.g3 Nf6 3.Nc3 Nc6 4.Bg2 Bb4 5.e4 Bxc3 6.bxc3 O-O 7.Ne2 d6 8.O-O Be6
9.d3 Qd7 10.f4 Bg4 11.f5 h6 12.h3 Bxe2 13.Qxe2 Na5 14.h4 Nh7 15.f6 Nxf6 16.Rxf6 gxf6
17.Kh2 Qe6 18.Bh3 f5 19.Bxf5 Qf6 20.Qh5 Rfe8 21.Bxh6 Re6 22.Qg4+ Kh8 23.Bg5 Qg7
24.Bxe6 fxe6 25.Qxe6 Rf8 26.Kg2 Qf7 27.Qxf7 Rxf7 28.Rf1 Rd7 29.g4 b6 30.h5 Nb7
31.Bf6+ Kg8 32.g5 Nc5 33.g6 Ne6 34.Kg3 a5 35.Kg4  1-0

[Event "1st WinTV Open"]
[Site "Chennai IND"]
[Date "2004.01.27"]
[Round "7"]
[White "Koshy,V"]
[Black "Iuldachev,S"]
[Result "0-1"]
[WhiteElo "2374"]
[BlackElo "2559"]

1.c4 e5 2.g3 Nc6 3.Bg2 f5 4.Nc3 Bb4 5.Nd5 Nf6 6.Nxb4 Nxb4 7.d3 O-O 8.e4 d6
9.Ne2 Qe8 10.O-O Kh8 11.a3 Nc6 12.f3 a5 13.Be3 Be6 14.Rc1 fxe4 15.dxe4 a4
16.Qd3 Na5 17.c5 d5 18.exd5 Bxd5 19.Bg5 Bc6 20.Bxf6 Rxf6 21.Qe3 Nb3 22.Rc3 Rd8
23.Nc1 Nd4 24.Nd3 Bb5 25.Re1 Bxd3 26.Rxd3 Qb5 27.Kh1 Rdf8 28.Rd2 h6 29.f4 Nb3
30.fxe5 Rf1+ 31.Bxf1 Rxf1+ 32.Kg2 Nxd2 33.Qxd2 Rxe1 34.Qxe1 Qxb2+ 35.Kh3 Qxa3
36.Qf2 Qb3 37.Qf5 Qg8 38.e6 a3 39.e7 a2 40.Qf8 a1=Q 41.Qxg8+ Kxg8 42.e8=Q+ Kh7
43.Qe4+ g6 44.Qe7+ Qg7 45.Qd8 Qf7 46.Kg2 h5 47.h4 Qa2+ 48.Kh3 Qe6+ 49.Kh2 Qe2+
50.Kh3 Qe5 51.Qd7+ Kh6 52.Qd2+ Kg7 53.Qd7+ Kf6 54.Qd8+ Kf7 55.Qd7+ Qe7 56.Qd4 b6
57.cxb6 Qe6+ 58.Kh2 cxb6 59.Qd8 b5 60.Qc7+ Qe7 61.Qf4+ Kg7 62.Qb8 b4 63.Qb5 Kh7
64.Qc4 Qb7 65.Qb3 Kh6 66.Qg8 Qg7 67.Qb8 Qb2+ 68.Kh3 b3 69.Qf4+ Kg7 70.Qc4 Kf8
71.Qc8+ Ke7 72.Qc7+ Ke6 73.Qc8+ Kd5 74.Qg8+ Kc5 75.Qc8+ Kb4 76.Qb7+ Kc4 77.Qc6+ Kd3
78.Qf3+ Kc2 79.Qe4+ Kd1 80.Qd3+ Kc1 81.Qc4+  0-1

[Event "1st WinTV Open"]
[Site "Chennai IND"]
[Date "2004.01.30"]
[Round "11"]
[White "Koshy,V"]
[Black "Girinath,P"]
[Result "1/2-1/2"]
[WhiteElo "2374"]
[BlackElo "2368"]

1.c4 e5 2.g3 Nc6 3.Bg2 f5 4.Nc3 Nf6 5.e3 g6 6.Nge2 Bg7 7.d3 O-O 8.O-O d6
9.b3 h5 10.Rb1 a5 11.e4 fxe4 12.dxe4 Nd7 13.Be3 Nc5 14.Qd2 Ne6 15.Nb5 g5
16.f4 gxf4 17.gxf4 exf4 18.Nxf4 Nxf4 19.Bxf4 Be6 20.Bh6 Qe7 21.Nc3 Ne5 22.Nd5 Bxd5
23.exd5 Ng4 24.Bxg7 Qxg7 25.h3 Qh6 26.Qxh6 Nxh6 27.Bf3 Rf5 28.Be4 Re5 29.Rf4 Rae8
30.Bd3 Re3 31.Bf1 Kg7 32.Rd1 Rf8 33.Rxf8 Kxf8 34.Rd3 Re5 35.Kf2 Ng8 36.Rf3+ Kg7
37.Rg3+ Kf7 38.Bd3 Nf6 39.Rf3 Rg5 40.Bf5 Rg7  1/2-1/2

[Event "TCh-FRA Nat1 GpB"]
[Site "Cannes FRA"]
[Date "2004.02.01"]
[Round "3"]
[White "Rotstein,A"]
[Black "Libiszewski,F"]
[Result "1/2-1/2"]
[WhiteElo "2519"]
[BlackElo "2451"]

1.c4 e5 2.g3 Nf6 3.Bg2 h6 4.b3 Bc5 5.Bb2 O-O 6.e3 Re8 7.Nc3 c6 8.Qc2 Bf8
9.Ne4 Nxe4 10.Qxe4 d6 11.Ne2 Be6 12.O-O Qd7 13.Qc2 Bh3 14.d4 Bxg2 15.Kxg2 Na6
16.Rad1 e4 17.d5 cxd5 18.cxd5 Nb4 19.Qd2 Nd3 20.Bd4 Qf5 21.Nc3 Qf3+ 22.Kg1 f5
23.Qe2 Qxe2 24.Nxe2 Rac8 25.Nf4 Nxf4 26.gxf4 Rc2 27.a4 a6 28.Rc1 Rec8 29.Rxc2 Rxc2
30.f3 exf3 31.Rxf3 g6 32.Rf2 Rc1+ 33.Kg2 Bg7 34.Rd2 Rb1 35.Bxg7 Kxg7 36.Rd3 Kf6
37.Kf3 g5  1/2-1/2

[Event "1st WinTV Open"]
[Site "Chennai IND"]
[Date "2004.02.01"]
[Round "13"]
[White "Koshy,V"]
[Black "Ramesh,R"]
[Result "1/2-1/2"]
[WhiteElo "2374"]
[BlackElo "2506"]

1.c4 e5 2.g3 Nf6 3.Bg2 Nc6 4.Nc3 Bc5 5.d3 d6 6.e3 O-O 7.Nge2 a6 8.O-O Ba7
9.h3 Bd7 10.Kh2 Rb8 11.b3 b5 12.Nd5 Nxd5 13.cxd5 Ne7 14.d4 c6 15.Bb2 f6 16.dxc6 Bxc6
17.Bxc6 Nxc6 18.Rc1 Rc8 19.dxe5 dxe5 20.Qxd8 Rfxd8 21.Rfd1 Rxd1 22.Rxd1 Rc7
23.Kg2 Kf7 24.Rc1 Bb6 25.Ba3 Ke6 26.Rd1 Rd7 27.Rxd7 Kxd7 28.e4 Bc7 29.Nc1 Bd6
30.Bb2 a5 31.Nd3 Nb4  1/2-1/2

[Event "Scheveningen"]
[Site "Monte Carlo MNC"]
[Date "2004.02.03"]
[Round "3"]
[White "Rotstein,A"]
[Black "Libiszewski,F"]
[Result "1-0"]
[WhiteElo "2519"]
[BlackElo "2451"]

1.c4 e5 2.g3 Nf6 3.Bg2 h6 4.d4 exd4 5.Qxd4 Nc6 6.Qd1 Bb4+ 7.Bd2 Qe7 8.Nc3 Ne5
9.b3 Nd3+ 10.Kf1 Nxf2 11.Kxf2 Ng4+ 12.Ke1 Qf6 13.Ne4 Bxd2+ 14.Kxd2 Qb2+ 15.Ke1 f5
16.Rb1 Qe5 17.Bf3 d6 18.Bxg4 fxg4 19.Nf2 Rf8 20.Qd2 Bd7 21.e4 O-O-O 22.Ne2 Bc6
23.Qd4 Qa5+ 24.Nc3 Rf3 25.b4 Qg5 26.b5 Be8 27.Nd5 Bg6 28.Qxg7 Rf7 29.Qd4 Re8
30.Kd1 Ref8 31.Rb2 Rf3 32.Re1 Qh5 33.Qxa7 Qe5 34.Ree2  1-0

[Event "IV Comunic Masters"]
[Site "Sao Paulo BRA"]
[Date "2004.02.04"]
[Round "1"]
[White "Dumont,S"]
[Black "Benares,R"]
[Result "0-1"]
[WhiteElo "2341"]
[BlackElo "2298"]

1.c4 e5 2.g3 c5 3.Bg2 Nc6 4.Nc3 g6 5.e3 Bg7 6.Nge2 Nge7 7.O-O O-O 8.d3 d6
9.a3 Be6 10.Nd5 Rb8 11.Nec3 a6 12.Rb1 b5 13.cxb5 axb5 14.b4 Qd7 15.f4 exf4
16.gxf4 Rfe8 17.Qd2 Nf5 18.Qf2 Nce7 19.Kh1 Nxd5 20.Nxd5 Qd8 21.Bd2 Ra8 22.Bc1 Ra7
23.e4 Bd4 24.Qc2 Bxd5 25.exf5 Rae7 26.Bxd5 Re2 27.fxg6 Rxc2 28.gxf7+ Kh8
29.fxe8=Q+ Qxe8 30.Bf3 Rf2  0-1

[Event "Scheveningen"]
[Site "Monte Carlo MNC"]
[Date "2004.02.05"]
[Round "5"]
[White "Rotstein,A"]
[Black "Perez,Fl"]
[Result "1-0"]
[WhiteElo "2519"]
[BlackElo "2205"]

1.c4 e5 2.g3 Nc6 3.Bg2 d6 4.Nc3 g6 5.Rb1 Be6 6.Nd5 Bg7 7.b4 Qd7 8.b5 Nd8
9.Qa4 f5 10.e3 Ne7 11.Ne2 Nc8 12.O-O O-O 13.d3 h5 14.Bd2 c6 15.bxc6 bxc6
16.Ndc3 h4 17.Rb3 g5 18.f4 hxg3 19.hxg3 gxf4 20.exf4 Qe8 21.Rfb1 Bd7 22.Qa5 Ne6
23.fxe5 dxe5 24.Rb7 Nd8 25.Rc7 Ne6 26.Nd5 cxd5 27.Qxd5 Nb6 28.Rxb6 axb6 29.Rxd7 Rxa2
30.Rxg7+ Kxg7 31.Qxe5+ Kg6 32.Bc3 Rxe2 33.Qxe2 Ng5 34.Qf2 Qd8 35.Bd4 Ne6
36.Bxb6 Qxd3 37.Bd5 Ng5 38.Kg2 f4 39.gxf4 Qh3+ 40.Kg1 Qg4+ 41.Qg2 Qd1+ 42.Kf2 Rxf4+
43.Ke3 Qc1+ 44.Qd2 Qf1 45.Qd3+ Qxd3+ 46.Kxd3 Nf7 47.Bc7 Rf1 48.Kd4 Kf6 49.Kc5 Ke7
50.Bg3 Nd8 51.Be4 Kd7 52.Kb6 Rf6+ 53.Kb5 Nc6 54.c5 Nd4+ 55.Kc4 Nc6 56.Bg2 Rh6
57.Bf3 Rg6 58.Bf4 Rg1 59.Be4 Ne7 60.Kd4  1-0

[Event "Scheveningen"]
[Site "Monte Carlo MNC"]
[Date "2004.02.05"]
[Round "5"]
[White "Dorfman,J"]
[Black "Libiszewski,F"]
[Result "1-0"]
[WhiteElo "2608"]
[BlackElo "2451"]

1.c4 e5 2.g3 Nc6 3.Bg2 g6 4.Nc3 d6 5.Rb1 Be6 6.b4 Bxc4 7.Qa4 e4 8.b5 Ne5
9.Nxe4 d5 10.Bb2 Bg7 11.f4 dxe4 12.Bxe5 Bxe5 13.Qxc4 Qd4 14.Qc2 Bd6 15.e3 Qc5
16.Qxe4+ Ne7 17.Nf3 O-O 18.O-O Rfe8 19.Rfc1 Qb6 20.Qc4 Nf5 21.Kh1  1-0

[Event "Scheveningen"]
[Site "Monte Carlo MNC"]
[Date "2004.02.05"]
[Round "5"]
[White "Van Hoolandt,P"]
[Black "Maze,S"]
[Result "1/2-1/2"]
[WhiteElo "2262"]
[BlackElo "2462"]

1.c4 e5 2.g3 Nf6 3.Bg2 h6 4.a3 d5 5.cxd5 Nxd5 6.Nf3 Nc6 7.d4 exd4 8.Nxd4 Nxd4
9.Qxd4 Be6 10.Nc3 Nxc3 11.Qxc3 c6 12.Be3 f6 13.Rd1 Qc7 14.O-O Bd6 15.Bxa7 c5
16.Rxd6 Qxd6 17.Bxc5 Qc7 18.Qb4 Kf7 19.Bd6 Qd7 20.Qxb7 Qxb7 21.Bxb7 Rad8
22.Bb4 h5 23.h4 Rd7 24.Bf3 Bg4 25.Bxg4 hxg4 26.Rc1 Re8 27.e3 Re5 28.Kf1 g5
29.hxg5 Rxg5 30.Ke2 Rgd5 31.Rc2 f5 32.Rd2 Ke6 33.Rxd5 Kxd5 34.a4 Kc4 35.Bc3 Rh7
36.a5 Rh6 37.Bd4 Kb5 38.Bc3 Kc4 39.Bd4 Kb5 40.Bb6 Kc4 41.Kd2 Rd6+ 42.Ke2 Rh6
43.Kd2 Rd6+ 44.Ke2 Rh6 45.Bc7 Rc6 46.Be5 Re6 47.Bc3 Re7 48.f3 Re6 49.fxg4 fxg4
50.Bd4 Rh6 51.Kf2 Rh2+ 52.Kg1 Rh6 53.Kf2 Rc6 54.Bc3 Kd3 55.Bd4 Rh6 56.Bc3 Rc6
57.Bd4 Rc2+  1/2-1/2

[Event "AS04 Centenary"]
[Site "Copenhagen DEN"]
[Date "2004.02.07"]
[Round "1"]
[White "Pedersen,HaD"]
[Black "Schmidt,Ho DEN"]
[Result "1-0"]
[WhiteElo "2198"]
[BlackElo "1903"]

1.c4 e5 2.g3 Nc6 3.Bg2 g6 4.Nc3 Bg7 5.e4 d6 6.Nge2 Be6 7.d3 Nge7 8.Nd5 h6
9.O-O O-O 10.Be3 Rc8 11.Qd2 g5 12.f4 f6 13.b4 a6 14.a4 exf4 15.gxf4 f5 16.Rae1 g4
17.b5 Bxd5 18.exd5 Nb8 19.Nd4 Bxd4 20.Bxd4 axb5 21.axb5 Ng6 22.Re6 Kh7 23.Qe3 Nd7
24.h3 h5 25.hxg4 hxg4 26.Kf2 Nf6 27.Rh1+ Kg8 28.Rh6 Kg7 29.Rh5 Kg8 30.Rxf5 Ne4+
31.Qxe4 Qh4+ 32.Kg1 Rxf5 33.Rxg6+ Kh7 34.Rg7+  1-0

[Event "AS04 Centenary"]
[Site "Copenhagen DEN"]
[Date "2004.02.09"]
[Round "3"]
[White "Pedersen,HaD"]
[Black "Larsen,Kn"]
[Result "1-0"]
[WhiteElo "2198"]
[BlackElo "1960"]

1.c4 e5 2.g3 c5 3.Bg2 d6 4.Nc3 Nc6 5.d3 Be7 6.e4 Be6 7.Nge2 a6 8.f4 f5 9.Nd5 fxe4
10.dxe4 Nf6 11.O-O O-O 12.Kh1 Bg4 13.Be3 Bxe2 14.Qxe2 Nxd5 15.exd5 Nd4 16.Bxd4 exd4
17.Rae1 Bf6 18.Be4 Qe8 19.Qd3 Qh5 20.Bf3 Qh3 21.Re6 Rad8 22.Be4 g5 23.Bf5 Qh5
24.g4 Qf7 25.Rf3 h6 26.fxg5 Bxg5 27.Rg6+ Kh8 28.Rxg5 hxg5 29.Rh3+ Kg7 30.Rh7+ Kf6
31.Rxf7+ Rxf7 32.Bg6 Rff8 33.Qf5+ Kg7 34.Qxg5 Rf1+ 35.Kg2  1-0

[Event "AS04 Centenary"]
[Site "Copenhagen DEN"]
[Date "2004.02.10"]
[Round "4"]
[White "Petersen,N"]
[Black "Aabling Thomsen,J"]
[Result "0-1"]
[WhiteElo "1989"]
[BlackElo "2108"]

1.c4 e5 2.g3 Nc6 3.Bg2 Nf6 4.e3 d5 5.cxd5 Nxd5 6.a3 Be6 7.Ne2 Be7 8.Nbc3 Qd7
9.h4 f5 10.d4 e4 11.Nxd5 Bxd5 12.Nf4 O-O-O 13.Nxd5 Qxd5 14.Qc2 Rd6 15.Bf1 Na5
16.Bd2 Nb3 17.Rb1 Rc6 18.Bc3 a5 19.Be2 g6 20.a4 Rb6 21.Bb5 c6 22.Bd2 Nxd2
23.Kxd2 Kb8 24.Bc4 Qd8 25.Rbd1 Rb4 26.Kc1 b5 27.Bb3 Qb6 28.Kb1 Rc8 29.Rc1 bxa4
30.Bxa4 c5 31.Rhd1 c4 32.Ka2 Rc7 33.Rb1 Rb7 34.Rdc1 Rxa4+ 35.Qxa4 Qb3+ 36.Qxb3 cxb3+
37.Ka1 Rb4  0-1

[Event "AS04 Centenary"]
[Site "Copenhagen DEN"]
[Date "2004.02.10"]
[Round "4"]
[White "Costello,C"]
[Black "Timmermans,I"]
[Result "1-0"]
[WhiteElo "2041"]
[BlackElo "2237"]

1.c4 e5 2.g3 Nf6 3.Bg2 c6 4.d4 exd4 5.Qxd4 d5 6.Nf3 Be7 7.O-O O-O 8.Nc3 c5
9.Qd3 d4 10.Nd5 Nxd5 11.cxd5 Na6 12.Bd2 Bf6 13.b4 g6 14.Rac1 Bf5 15.Qb5 Qb6
16.a4 cxb4 17.Nh4 Bc8 18.Rc4 Rd8 19.Rfc1 Bg4 20.Nf3 b3 21.Ba5 Qxb5 22.axb5 b6
23.Nxd4 Bxd4 24.Rxd4 b2 25.Rb1 Rac8 26.Bd2 Rc2 27.bxa6 Rdc8 28.Bf1 Bf5 29.e4 Bxe4
30.Rxe4 Rxd2 31.Rc4 Rxc4 32.Bxc4 Rc2 33.Bd3 Rd2 34.Bc4 Kf8 35.Kg2 Ke7 36.Bb3 Kd6
37.Kf1 Kc5 38.Ke1 Rd4 39.Rxb2 Kb5 40.Rd2 Re4+ 41.Kd1 Kxa6 42.d6 Re8 43.d7 Rd8  1-0

[Event "X Open"]
[Site "Coria del Rio ESP"]
[Date "2004.02.12"]
[Round "2"]
[White "Paunovic,D"]
[Black "Carrabeo Garcia,M"]
[Result "1-0"]
[WhiteElo "2517"]
[BlackElo "2105"]

1.c4 e5 2.g3 f5 3.Bg2 Nf6 4.d3 Bb4+ 5.Nc3 Bxc3+ 6.bxc3 O-O 7.Nf3 d6 8.O-O c5
9.Ne1 Nc6 10.Nc2 Be6 11.Ne3 Qd7 12.Nd5 Ne7 13.e4 Nexd5 14.cxd5 Bf7 15.Bh3 Bg6
16.c4 b5 17.Qc2 Ne8 18.f4 b4 19.fxe5 dxe5 20.Bb2 Qe7 21.exf5 Bh5 22.Rae1  1-0

[Event "TCh-FIN 2003-4"]
[Site "Finland FIN"]
[Date "2004.02.14"]
[Round "7"]
[White "Kauko,J"]
[Black "Puranen,J"]
[Result "1/2-1/2"]
[WhiteElo "2254"]
[BlackElo "2302"]

1.c4 e5 2.g3 Nc6 3.Bg2 g6 4.Nc3 Bg7 5.e3 Nge7 6.Nge2 O-O 7.a3 a5 8.O-O d6
9.Nd5 Bg4 10.h3 Be6 11.d3 Qd7 12.Kh2 f5 13.f4 Rf7 14.Nec3 Kh8 15.Rf2 Raf8
16.Rb1 Nd8 17.b4 axb4 18.axb4 Nc8 19.Na4 b5 20.cxb5 Qxb5 21.Nac3 Qb8 22.b5 Bxd5
23.Nxd5 c6 24.Nb4 Qxb5 25.Qc2 Rb7 26.Bd2 Qc5 27.Qd1 Ne7 28.Rc1 Qb5 29.Be1 Rb8
30.Ra2 d5 31.Na6 Qb3 32.Nxb8 Qxa2 33.Nd7 Re8 34.Nxe5 Bxe5 35.fxe5 Ne6 36.Bb4 Qb2
37.Bxe7  1/2-1/2

[Event "48th ch-BLR w"]
[Site "Minsk BLR"]
[Date "2004.02.20"]
[Round "1"]
[White "Bondar,T"]
[Black "Gerasimovitch,O"]
[Result "0-1"]
[WhiteElo "2129"]
[BlackElo "2226"]

1.g3 e5 2.c4 f5 3.d4 e4 4.Nc3 Nc6 5.Bg2 Bb4 6.Nh3 Nf6 7.O-O d5 8.cxd5 Nxd5
9.Nxd5 Qxd5 10.e3 Bd7 11.f3 exf3 12.Bxf3 Qd6 13.a3 Ba5 14.b4 Bb6 15.Bb2 O-O-O
16.Kh1 h5 17.Nf2 g5 18.Nd3 g4 19.Bg2 h4 20.gxh4 Rxh4 21.Nf4 Qh6 22.h3 gxh3
23.Bf3 Ne7 24.Qc2 Kb8 25.Rae1 c6 26.d5 Nxd5 27.Nxd5 cxd5 28.Be5+ Ka8 29.Bxd5 Rc8
30.Qf2 Bc6 31.Qf3 Bxd5 32.Qxd5 Qg6 33.a4 Rg8 34.Rg1 Rg4 35.Bh2 Rg2 36.Rxg2 hxg2+
37.Kg1 Qe8 38.Bf4 a6 39.a5 Ba7 40.Qxf5 Qd8 41.Qe4 Qh4 42.Qb1 Qxf4 43.Qc1  0-1

[Event "48th ch-BLR w"]
[Site "Minsk BLR"]
[Date "2004.02.25"]
[Round "6"]
[White "Bondar,T"]
[Black "Sharevich,A"]
[Result "1/2-1/2"]
[WhiteElo "2129"]
[BlackElo "2236"]

1.g3 e5 2.c4 Nc6 3.Bg2 d6 4.d3 Be6 5.Nc3 Qd7 6.e3 g6 7.b3 Bg7 8.Bb2 Nge7
9.Nd5 Bxd5 10.cxd5 Nb4 11.e4 Qb5 12.Bf1 Qa5 13.Bc3 Qb6 14.Qd2 c5 15.Be2 O-O
16.Nh3 Na6 17.O-O Qd8 18.a4 h6 19.Kg2 Nb8 20.b4 Nd7 21.f3 f5 22.Rfb1 b6 23.a5 Qc7
24.axb6 axb6 25.Qb2 Rxa1 26.Rxa1 cxb4 27.Bxb4 Nc5 28.Nf2 Rb8 29.Nd1 Nc8 30.Nc3 Qb7
31.Bxc5 dxc5 32.Nb5 Qd7 33.Bd1 Nd6 34.Nxd6 Qxd6 35.Ra6 Bf6 36.Ba4 Bd8 37.Bb5 Bc7
38.Qa2 fxe4 39.dxe4 Rf8 40.Ra8 Bd8 41.Qd2 g5 42.Qe2 Bc7  1/2-1/2

[Event "11th Metalis Open"]
[Site "Bizovac CRO"]
[Date "2004.02.28"]
[Round "5"]
[White "Butorac,I"]
[Black "Ascic,P"]
[Result "0-1"]
[WhiteElo "2232"]
[BlackElo "2317"]

1.c4 e5 2.g3 Nf6 3.Bg2 d5 4.cxd5 Nxd5 5.Nf3 Nc6 6.O-O Nb6 7.Nc3 Bg4 8.d3 Qd7
9.Be3 f6 10.Rc1 Bh3 11.Ne4 Bxg2 12.Kxg2 O-O-O 13.Bxb6 axb6 14.Qa4 Kb8 15.a3 h5
16.Rc4 Bd6 17.Rfc1 Na5 18.Qxd7 Rxd7 19.Nxd6 cxd6 20.R4c3 Nc6 21.Rb3 Ka7 22.e3 d5
23.Rd1 g5 24.h4 g4 25.Ng1 d4 26.Ne2 Rhd8 27.Nc1 Na5 28.Rb4 dxe3 29.fxe3 Rc7
30.Ne2 Rc2 31.Kf1 Nc4 32.Rc1 Nxe3+ 33.Kf2 Rxd3 34.Rxc2 Nxc2  0-1

[Event "48th ch-BLR w"]
[Site "Minsk BLR"]
[Date "2004.02.29"]
[Round "10"]
[White "Bondar,T"]
[Black "Martynuk,T"]
[Result "1-0"]
[WhiteElo "2129"]
[BlackElo "2187"]

1.g3 e5 2.c4 Nc6 3.Bg2 f5 4.d3 Nf6 5.Nc3 Bc5 6.e3 O-O 7.Nge2 Qe8 8.O-O d6
9.a3 a5 10.d4 Bb6 11.Nd5 Kh8 12.b3 Qh5 13.Nxb6 cxb6 14.Nc3 Qg6 15.d5 Ne7
16.f4 Ng4 17.h3 Nf6 18.Kh2 Bd7 19.a4 Neg8 20.Ra2 Nh5 21.Qe1 exf4 22.exf4 Rfe8
23.Qf2 Ngf6 24.Bf3 Ne4 25.Bxe4 fxe4 26.Be3 Nf6 27.f5 Qh5 28.Qe2 Qf7 29.Bxb6 Rf8
30.Bd4 Rae8 31.g4 e3 32.Qf3 Re7 33.Re2 Rfe8 34.Rfe1 h5 35.Rxe3 hxg4 36.hxg4 Rxe3
37.Rxe3 Rxe3 38.Bxe3 Qe7 39.Bd4 Qe1 40.Bxf6 gxf6 41.Ne4 Kg7 42.Ng3 Kf7 43.Qf4 Qb4
44.Qe3 Qa3 45.Nh5 Qb2+ 46.Kg3 Qe5+ 47.Qxe5 dxe5 48.Kf3 Ke7 49.Ke4 Be8 50.c5 Bf7
51.d6+ Kd8 52.Nxf6 Bxb3 53.Kxe5 Bxa4 54.g5 Bb3 55.g6 a4 56.Kd4 a3 57.Kc3 Bc4
58.g7  1-0

[Event "ch-PER"]
[Site "Lima PER"]
[Date "2004.03.07"]
[Round "3.1"]
[White "Retamozo,H"]
[Black "Cornejo Perales,M"]
[Result "1/2-1/2"]
[WhiteElo "2228"]
[BlackElo "2185"]

1.c4 e5 2.g3 Nc6 3.Bg2 g6 4.Nc3 Bg7 5.a3 a5 6.Rb1 d6 7.b4 axb4 8.axb4 f5
9.b5 Nce7 10.Qb3 Nf6 11.Ba3 Rb8 12.c5 d5 13.Nf3 e4 14.Nd4 Ng4 15.Qb4 Ne5
16.c6 Bf8 17.cxb7 Rxb7 18.Qa4 Kf7 19.O-O Nc4 20.Bxe7 Bxe7 21.Nc6 Qd6 22.d3 Nb6
23.Qb3 Qa3 24.Qxa3 Bxa3 25.Rfd1 Be6 26.dxe4 fxe4 27.Nxe4 dxe4 28.Nd8+ Rxd8
29.Rxd8 Bf5 30.g4 Bxg4 31.Bxe4 Bf5 32.Bxf5 gxf5 33.Rb3 Bd6 34.Rh3 Kg7 35.e3 Ra7
36.f4 Ra8 37.Rg3+ Kf6 38.Rxa8 Nxa8 39.Kf2 Nb6 40.Ke2 Nc4 41.Rh3 Kg6 42.Rg3+ Kf6  1/2-1/2

[Event "TCh-FIN 2003-4"]
[Site "Finland FIN"]
[Date "2004.03.14"]
[Round "9"]
[White "Nivala,T"]
[Black "Ristoja,J"]
[Result "0-1"]
[WhiteElo "2196"]
[BlackElo "2315"]

1.g3 e5 2.c4 f5 3.Bg2 Nf6 4.d3 Be7 5.Nc3 d6 6.e4 fxe4 7.dxe4 O-O 8.Nge2 Qe8
9.O-O Kh8 10.f3 Be6 11.Nd5 Bd8 12.Be3 Nbd7 13.Rc1 c6 14.Nxf6 Rxf6 15.Qd2 Bc7
16.b3 a5 17.Nc3 Nc5 18.f4 b6 19.f5 Bg8 20.Bg5 Rf8 21.f6 g6 22.Bh6 Rf7 23.Bg7+ Rxg7
24.fxg7+ Kxg7 25.Kh1 Qe7 26.Rf2 Rf8 27.Rxf8 Qxf8 28.Rf1 Qe7 29.Qe3 Bd8 30.h4 h5
31.Ne2 Bh7 32.Ng1 g5 33.hxg5 Qxg5 34.Qxg5+ Bxg5 35.Re1 Bd2 36.Re2 Bc3 37.Nh3 a4
38.Bf3 a3 39.Nf2 Bd4 40.Nd1 b5 41.cxb5 cxb5 42.Kg2 b4 43.Ne3 Nxe4 44.Nf5+ Bxf5
45.Bxe4 Be6 46.Bf3 Kg6 47.Re1 Kg5 48.Rh1 Bd7  0-1

[Event "Blitz"]
[Site "Reykjavik ISL"]
[Date "2004.03.17"]
[Round "2"]
[White "Petursson,M"]
[Black "Hjartarson,J"]
[Result "1-0"]
[WhiteElo "2540"]
[BlackElo "2640"]

1.c4 e5 2.g3 Nf6 3.Bg2 Nc6 4.Nf3 g6 5.d4 exd4 6.Nxd4 Bg7 7.O-O O-O 8.Nxc6 bxc6
9.Nc3 Re8 10.Qc2 Rb8 11.Rd1 Qe7 12.Be3 a5 13.Rac1 Ng4 14.Bd4 Ne5 15.b3 c5
16.Nd5 Qd8 17.Bxc5 d6 18.Ba7 Rb7 19.Bd4 c6 20.Nc3 Rbe7 21.h3 Bf5 22.e4 Bc8
23.f4 Nd7 24.Bxg7 Kxg7 25.Rxd6 Qc7 26.Rcd1 Nf8 27.Qf2 Rd7 28.Qc5 Ne6 29.Qe5+  1-0

[Event "1st Savaria IM"]
[Site "Szombathely HUN"]
[Date "2004.03.25"]
[Round "4"]
[White "Bokros,A"]
[Black "Remete,E"]
[Result "1-0"]
[WhiteElo "2484"]
[BlackElo "2124"]

1.c4 e5 2.g3 Nf6 3.Bg2 Bc5 4.Nc3 O-O 5.e3 Re8 6.Nge2 d6 7.d3 Bb6 8.O-O c6
9.b4 d5 10.cxd5 cxd5 11.d4 exd4 12.Nxd4 Bxd4 13.exd4 h6 14.Bf4 Be6 15.Nb5 Na6
16.a3 Qd7 17.Nc3 Rac8 18.Rc1 Rc4 19.Re1 Bg4 20.Rxe8+ Qxe8 21.Qd2 Ne4 22.Nxe4 Rxc1+
23.Qxc1 dxe4 24.Qe3 Qa4 25.Bxe4 Qd1+ 26.Kg2 Be2 27.h3 Bf1+ 28.Kh2 Qh5 29.g4 Qb5
30.Bc2 Qd5 31.Qe4 Qxe4 32.Bxe4 g5 33.Bd6 b6 34.Bc6  1-0

[Event "IV Open"]
[Site "Dos Hermanas ESP"]
[Date "2004.03.29"]
[Round "5"]
[White "Suba,M"]
[Black "Gonzalez Marrero,J"]
[Result "1-0"]
[WhiteElo "2522"]
[BlackElo "2276"]

1.c4 e5 2.g3 Nf6 3.Bg2 Nc6 4.Nc3 Bb4 5.Nd5 Bc5 6.a3 d6 7.e3 O-O 8.Ne2 Nxd5
9.cxd5 Ne7 10.O-O c6 11.dxc6 Nxc6 12.d4 exd4 13.Nxd4 Bxd4 14.exd4 Bf5 15.g4 Bd7
16.Be3 Qh4 17.h3 Rae8 18.Qd2 Qd8 19.Bf4 Bc8 20.Bg3 f5 21.g5 Ne7 22.Rfe1 Ng6
23.f4 Rxe1+ 24.Rxe1 Re8 25.h4 Rxe1+ 26.Bxe1 Qe8 27.Bf2 Qb5 28.h5 Ne7 29.d5 b6
30.Qc3 Qd7 31.Bd4 Bb7 32.Bxg7 Nxd5 33.Bxd5+ Bxd5 34.Bh6 Bc6 35.Kf2 d5 36.Qf6 Qf7
37.Qxc6  1-0

[Event "IV Open"]
[Site "Dos Hermanas ESP"]
[Date "2004.04.01"]
[Round "8"]
[White "Franco Ocampos,Z"]
[Black "Komljenovic,D"]
[Result "1-0"]
[WhiteElo "2524"]
[BlackElo "2441"]

1.c4 e5 2.g3 Nf6 3.Bg2 c6 4.d4 exd4 5.Qxd4 d5 6.Nf3 dxc4 7.Qxc4 Be6 8.Qc2 Na6
9.a3 Nc5 10.Nbd2 Qd7 11.Ne5 Qc7 12.Nec4 Be7 13.b4 Ncd7 14.Nb3 O-O 15.Bf4 Qc8
16.Nd4 Bxc4 17.Qxc4 Nb6 18.Qc2 Nfd5 19.O-O Nxf4 20.gxf4 Bf6 21.Rad1 Qc7 22.e3 Bxd4
23.Rxd4 Rfd8 24.Rfd1 Rxd4 25.Rxd4 Rd8 26.Qe4 g6 27.Qe5 Qc8 28.Bf3 Rxd4 29.Qxd4 Qd7
30.Qe5 Qd8 31.Qa5 Qb8 32.Qc5 Qd8 33.b5 cxb5 34.Qxb5 Qf6 35.Kg2 Qe6 36.h3 Qd7
37.Qxd7 Nxd7 38.Bxb7 Kf8 39.Kf3 Ke7 40.Bd5 Nc5 41.e4 f6 42.Ke3 h6 43.Kd4 Nd7
44.e5 Nf8 45.h4 Nd7 46.Bb7 g5 47.hxg5 hxg5 48.Ba8 Nb6 49.exf6+ Kxf6 50.fxg5+ Kxg5
51.Bb7 Kf4 52.Bc6 Kg4 53.Kc5 Kf4 54.Kb5 Ke5 55.Ka6 Kd6 56.Bb5 Kc5 57.Bf1 Nc8
58.Kb7 Nd6+ 59.Kxa7 Ne4 60.f4 Nc3 61.Kb7 Kd5 62.f5 Na4 63.Bb5 Nc5+ 64.Kb6 Nb3
65.f6 Kd6 66.a4 Nd4 67.a5 Ke6 68.a6 Kxf6 69.a7  1-0